Emotívne formy a propaganda práca zaradená do tematickej úlohy štátneho plánu: VIII-4-6-4/1- "Kritická analýza historickej genézy socialistickej propagandy."

Bibliographic Details
Main Author: Kameník, Pavel (Author)
Format: Book
Language:Slovak
PhysicalDescription:124 s. 29 cm
Published: Bratislava Výskumný ústav kultúry 1976
Subjects:

MARC

LEADER 00000cam a2200000 a 4500
001 vtls001105781
003 SK-MaSNL
005 20260301001352.0
008 240315s1976 xo 00000 slo
015 |a SNBA1977 
035 |a SNK000048623 
040 |a SNK  |b slo  |c SNK  |e AACR2 
041 0 |a slo 
044 |a xo  |c SK 
080 |a 32.019.5:654.19+05(047.31)  |2 1981 
080 |a 654.19  |2 1981 
080 |a 05(047.31)  |2 1981 
100 1 |a Kameník, Pavel  |4 aut  |9 279573 
245 1 0 |a Emotívne formy a propaganda  |b práca zaradená do tematickej úlohy štátneho plánu: VIII-4-6-4/1- "Kritická analýza historickej genézy socialistickej propagandy."  |c Pavel Kameník 
260 |a Bratislava  |b Výskumný ústav kultúry  |c 1976 
300 |a 124 s.  |c 29 cm 
366 |e 300 výt. 
504 |a Bibliogr. 
650 0 7 |a socialistická propaganda  |2 SNK  |9 279574 
650 0 7 |a masová komunikácia  |2 SNKPH  |9 1423 
655 7 |a štúdie  |2 SNKPH  |9 57033 
958 |a OND 
958 |a NB 
958 |a RM 
999 |c 534747  |d 536677 
952 |a SNK  |b SNK  |y PREZ  |7 0  |p 17A0925706  |o snkSB 25214  |i snkKSP 4146/77  |0 0  |1 0  |4 0  |d 2014-01-21  |f 1  |l 0  |r 2025-03-27 00:00:00  |w 2026-02-23